<?xml version="1.0" encoding="UTF-8"?>
<record
    xmlns:xsi="http://www.w3.org/2001/XMLSchema-instance"
    xsi:schemaLocation="http://www.loc.gov/MARC21/slim http://www.loc.gov/standards/marcxml/schema/MARC21slim.xsd"
    xmlns="http://www.loc.gov/MARC21/slim">

  <leader>00892nam a2200205Ia 4500</leader>
  <controlfield tag="001">IA_We must also keep in mind that by protecting our wild life and natural resources it is possible to create jobs in margined areas such as these communities.</controlfield>
  <controlfield tag="002">ESTUDIO INTEGRAL DEL SISTEMA PRODUCTO MIEL EN LA R</controlfield>
  <controlfield tag="008">220117s    xx            000 0 und d</controlfield>
  <datafield tag="010" ind1=" " ind2=" ">
    <subfield code="a">184683</subfield>
  </datafield>
  <datafield tag="530" ind1=" " ind2=" ">
    <subfield code="a">Disponible en PDF</subfield>
  </datafield>
  <datafield tag="650" ind1=" " ind2="0">
    <subfield code="a">Apicultura</subfield>
    <subfield code="z">M&#xE9;xico</subfield>
    <subfield code="z">Oaxaca  </subfield>
    <subfield code="9">157582</subfield>
  </datafield>
  <datafield tag="650" ind1=" " ind2="0">
    <subfield code="a">Apiculture</subfield>
    <subfield code="z">M&#xE9;xico</subfield>
    <subfield code="z">Oaxaca  </subfield>
    <subfield code="9">157583</subfield>
  </datafield>
  <datafield tag="650" ind1=" " ind2=" ">
    <subfield code="a">Honey and bee products</subfield>
    <subfield code="x">Production</subfield>
    <subfield code="9">157584</subfield>
  </datafield>
  <datafield tag="650" ind1=" " ind2=" ">
    <subfield code="a">Miel y productos fabricados por abejas</subfield>
    <subfield code="x">Producci&#xF3;n  </subfield>
    <subfield code="9">157585</subfield>
  </datafield>
  <datafield tag="700" ind1=" " ind2=" ">
    <subfield code="a">Ascencio Rivera, J. Rogelio, asesor</subfield>
    <subfield code="9">163661</subfield>
  </datafield>
  <datafield tag="700" ind1=" " ind2=" ">
    <subfield code="a">Ponce Hern&#xE1;ndez, Pedro, asesor </subfield>
    <subfield code="9">163694</subfield>
  </datafield>
  <datafield tag="700" ind1=" " ind2=" ">
    <subfield code="a">Szymanski Duque, Rosa G., dir. </subfield>
    <subfield code="9">157586</subfield>
  </datafield>
  <datafield tag="942" ind1=" " ind2=" ">
    <subfield code="c">TESIS C84 2013</subfield>
  </datafield>
  <datafield tag="999" ind1=" " ind2=" ">
    <subfield code="c">184683</subfield>
    <subfield code="d">184683</subfield>
  </datafield>
</record>
